Prehľad priamych zahraničných investícií v Srbsku

Bibliographic Details
Main Author: Gallová, Zuzana (Author)
Format: Article
Language:Slovak
PhysicalDescription:Tab.
ISBN:9788022527439
Subjects:

MARC

LEADER 00000naa a2200000 ar4500
001 vtls010099306
003 SK-MaSNL
005 20260302143938.0
008 100525c2009 xo qr|p|||||||000 b|slo
015 |a SNBRA2010/05  |2 snkbucl 
038 |a SNKBUCL 
040 |a SNKBUCL  |b slo  |c SNKBUCL  |e AACR2 
041 0 |a slo  |b eng  |b slo 
044 |a xo  |c SK 
080 |a 339.727.22  |x (497.11)  |2 2001 
100 1 |a Gallová, Zuzana  |4 aut  |9 334360 
245 1 0 |a Prehľad priamych zahraničných investícií v Srbsku  |c Zuzana Gallová 
246 3 1 |a Overview of foreign direct investments in Srbia 
300 |b Tab. 
500 |a Pozn. pod čiarou 
504 |a Bibliogr. odkazy 
546 |a Súbežný názov angl. ; res. angl., slov. 
650 0 7 |a priame zahraničné investície  |2 snkbucl  |9 70830 
651 7 |a Srbsko  |2 snkbucl  |9 31535 
773 0 |t Financie vo vede a výučbe. Rok 2009  |d Bratislava : Fakulta podnikového manažmentu EU, 2009  |g S. 51-56  |z 9788022527439 
852 |a SNK  |b KIS3GCP 
958 |a NB 
958 |a RS 
999 |c 1346821  |d 1348751